000 00624nam a2200205Ii 4500
003 JO-AjNU
008 230605s9999||||xx |||||||||||||| ||und||
040 _aJO-AjNU
_bara
_erda
_cJO-AjNU
041 _aara
050 1 4 _aPR6005.H66.T712 1987
100 3 _aكرستي، أجاثا,
_eauthor
_939094
245 0 0 _aالمصيدة
250 _aط2
264 3 1 _aبيروت: المكتبة الثقافية، 1987
300 _a135ص
336 _atext
_btxt
_2rdacontent
337 _aunmediated
_bn
_2rdamedia
338 _avolume
_bnc
_2rdacarrier
650 4 _aالأدب الإنجليزي - قصص مترجمة
_939095
999 _aA16482
_c20050
_d20050